[Event "SRB-chT 1st League"]
[Site "Banja Vrujci"]
[Date "2017.09.23"]
[Round "10.5"]
[White "Urosevic, Zoran"]
[Black "Radusinovic, Lazar"]
[Result "1/2-1/2"]
[WhiteElo "2172"]
[BlackElo "2316"]
[PlyCount "47"]
[EventDate "2017.09.16"]
[EventType "team"]
[EventRounds "11"]
[EventCountry "SRB"]
[SourceTitle "EXT 2018"]
[Source "ChessBase"]
[SourceDate "2017.10.13"]
[SourceVersion "1"]
[SourceVersionDate "2017.10.13"]
[SourceQuality "1"]
[WhiteTeam "Sabac"]
[BlackTeam "Despotovac Sloga"]
[WhiteTeamCountry "SRB"]
[BlackTeamCountry "SRB"]

1. e4 c5 2. Nf3 Nc6 3. Nc3 d6 4. Bc4 e6 5. d4 cxd4 6. Nxd4 a6 7. Be3 Nf6 8. f3 Be7 9. Qd2 0-0 10. 0-0-0 Qc7 11. Bb3 Na5 12. Kb1 Nc4 13. Bxc4 Qxc4 14. h4 d5 15. exd5 Nxd5 16. Nxd5 Qxd5 17. Nb3 Qc6 18. Qa5 Bd7 19. Bc5 Bxc5 20. Qxc5 Qxc5 21. Nxc5 Bc6 22. Nd3 Rfc8 23. b3 b5 24. Rhe1 1/2-1/2

[Event "SRB-chT 1st League"]
[Site "Banja Vrujci"]
[Date "2017.09.22"]
[Round "9.3"]
[White "Rabrenovic, Vladan"]
[Black "Urosevic, Zoran"]
[Result "1/2-1/2"]
[WhiteElo "2337"]
[BlackElo "2172"]
[PlyCount "67"]
[EventDate "2017.09.16"]
[EventType "team"]
[EventRounds "11"]
[EventCountry "SRB"]
[SourceTitle "CBM 180 Extra"]
[Source "ChessBase"]
[SourceDate "2017.10.06"]
[SourceVersion "1"]
[SourceVersionDate "2017.10.06"]
[SourceQuality "1"]
[WhiteTeam "Gornji Milanovac Metalac"]
[BlackTeam "Sabac"]
[WhiteTeamCountry "SRB"]
[BlackTeamCountry "SRB"]

1. d4 Nf6 2. c4 e6 3. Nf3 Bb4+ 4. Bd2 Qe7 5. c5 Bxd2+ 6. Nbxd2 b6 7. Rc1 0-0 8. e4 Ba6 9. Bxa6 Nxa6 10. Qa4 Nb8 11. 0-0 Nc6 12. Rfe1 a6 13. d5 b5 14. Qb3 Na7 15. Qd3 e5 16. Qc3 d6 17. cxd6 cxd6 18. Qa5 Nc8 19. Rc6 Qd8 20. Nb3 Ne7 21. Rxa6 Qxa5 22. Rxa5 Rxa5 23. Nxa5 Ra8 24. b4 Rc8 25. Nb7 Ne8 26. Re2 Rc4 27. a3 f5 28. exf5 Nxd5 29. g3 Ne7 30. Na5 Rc3 31. Re3 Rc1+ 32. Re1 Rc3 33. Re3 Rc1+ 34. Re1 1/2-1/2

[Event "SRB-chT 1st League"]
[Site "Banja Vrujci"]
[Date "2017.09.20"]
[Round "7.4"]
[White "Peric, Slavisa"]
[Black "Urosevic, Zoran"]
[Result "1/2-1/2"]
[WhiteElo "2117"]
[BlackElo "2172"]
[PlyCount "21"]
[EventDate "2017.09.16"]
[EventType "team"]
[EventRounds "11"]
[EventCountry "SRB"]
[SourceTitle "CBM 180 Extra"]
[Source "ChessBase"]
[SourceDate "2017.10.06"]
[SourceVersion "1"]
[SourceVersionDate "2017.10.06"]
[SourceQuality "1"]
[WhiteTeam "Valjevo 2005"]
[BlackTeam "Sabac"]
[WhiteTeamCountry "SRB"]
[BlackTeamCountry "SRB"]

1. d4 Nf6 2. Nf3 g6 3. Nc3 d5 4. Bf4 c6 5. Qd2 h6 6. h3 Nbd7 7. Ne5 Bg7 8. Nxd7 Bxd7 9. e3 Bf5 10. Bd3 Qd7 11. Be5 1/2-1/2

[Event "SRB-chT2 West"]
[Site "Kragujevac"]
[Date "2015.10.10"]
[Round "9.5"]
[White "Urosevic, Zoran"]
[Black "Kozaicevski, Fedja"]
[Result "1-0"]
[WhiteElo "2211"]
[BlackElo "1965"]
[PlyCount "75"]
[EventDate "2015.09.04"]
[EventType "team-tourn"]
[EventRounds "11"]
[EventCountry "SRB"]
[SourceTitle "EXT 2022"]
[Source "ChessBase"]
[SourceDate "2021.10.06"]
[SourceVersion "1"]
[SourceVersionDate "2021.10.06"]
[SourceQuality "1"]

1. Nf3 Nf6 2. b3 d6 3. g3 g6 4. Bg2 Bg7 5. Bb2 0-0 6. 0-0 c6 7. c4 e5 8. d3 Nbd7 9. Qc2 Nh5 10. Nc3 f5 11. b4 f4 12. Nd2 Ndf6 13. Na4 Ng4 14. Ne4 Bf5 15. Nac3 d5 16. cxd5 cxd5 17. Qb3 Kh8 18. Qxd5 Qb6 19. Qd6 Bxe4 20. Qxb6 Bxg2 21. Qe6 Bh3 22. Qe7 fxg3 23. hxg3 Bxf1 24. Rxf1 Rae8 25. Qxb7 e4 26. dxe4 Nxg3 27. Nd1 Bxb2 28. fxg3 Bd4+ 29. Kg2 Rxf1 30. Kxf1 Rf8+ 31. Kg2 Ne3+ 32. Nxe3 Bxe3 33. e5 g5 34. Qe4 Bb6 35. e6 h6 36. Qg6 Rf2+ 37. Kh3 Rxe2 38. Qxh6+ 1-0

[Event "SRB-chT2 West"]
[Site "Kragujevac"]
[Date "2015.10.09"]
[Round "7.1"]
[White "Jovicic, Radovan"]
[Black "Urosevic, Zoran"]
[Result "0-1"]
[WhiteElo "1753"]
[BlackElo "2211"]
[PlyCount "104"]
[EventDate "2015.09.04"]
[EventType "team-tourn"]
[EventRounds "11"]
[EventCountry "SRB"]
[SourceTitle "EXT 2022"]
[Source "ChessBase"]
[SourceDate "2021.10.06"]
[SourceVersion "1"]
[SourceVersionDate "2021.10.06"]
[SourceQuality "1"]

1. e4 c5 2. Nf3 d6 3. c3 Nf6 4. Be2 Nc6 5. d4 Bg4 6. 0-0 Bxf3 7. Bxf3 e5 8. d5 Nb8 9. Nd2 Be7 10. Be2 0-0 11. f4 exf4 12. Rxf4 Nfd7 13. Nc4 b5 14. Ne3 Bg5 15. Rf5 g6 16. Rf3 Ne5 17. Rg3 Bh4 18. Rh3 a6 19. Ng4 Nbd7 20. Nh6+ Kh8 21. Qf1 Bg5 22. Bf4 Bxf4 23. Qxf4 Qe7 24. Rf1 f6 25. Bg4 Nxg4 26. Nxg4 f5 27. exf5 Rxf5 28. Qe3 Rxf1+ 29. Kxf1 Re8 30. Qxe7 Rxe7 31. Re3 Rxe3 32. Nxe3 c4 33. Nc2 Kg7 34. Nb4 Nc5 35. Ke2 Kf6 36. Kd2 Ke5 37. Kc2 Ke4 38. Kd2 h5 39. b3 cxb3 40. axb3 Nxb3+ 41. Kc2 Nc5 42. Nc6 g5 43. Ne7 Nd7 44. Nc6 h4 45. Nd8 Kxd5 46. Nf7 g4 47. Nh6 Ne5 48. Nf5 h3 49. gxh3 gxh3 50. Ne3+ Ke4 51. Nf1 Ng4 52. Kd2 Kf3 0-1

[Event "SRB-chT2 West"]
[Site "Kragujevac"]
[Date "2015.10.08"]
[Round "6.2"]
[White "Urosevic, Zoran"]
[Black "Bojovic, Zoran"]
[Result "1/2-1/2"]
[WhiteElo "2211"]
[BlackElo "2087"]
[PlyCount "124"]
[EventDate "2015.09.04"]
[EventType "team-tourn"]
[EventRounds "11"]
[EventCountry "SRB"]
[SourceTitle "EXT 2022"]
[Source "ChessBase"]
[SourceDate "2021.10.06"]
[SourceVersion "1"]
[SourceVersionDate "2021.10.06"]
[SourceQuality "1"]

1. Nf3 Nf6 2. b3 g6 3. Bb2 Bg7 4. c4 0-0 5. g3 e6 6. Bg2 c5 7. 0-0 Qc7 8. Nc3 a6 9. d4 cxd4 10. Nxd4 d6 11. Rc1 Bd7 12. Qd2 Rd8 13. Rfd1 Nc6 14. Nxc6 Bxc6 15. Nd5 Bxd5 16. cxd5 Qd7 17. dxe6 fxe6 18. Bd4 d5 19. Qb2 Qf7 20. Rc2 Rac8 21. h3 Nd7 22. Rxc8 Rxc8 23. Bxg7 Qxg7 24. Qxg7+ Kxg7 25. e4 Nf6 26. exd5 exd5 27. Bxd5 Nxd5 28. Rxd5 Rc7 29. a4 Kf6 30. Rd6+ Ke5 31. Rb6 Kd5 32. h4 Kc5 33. a5 Kd5 34. Kg2 Ke5 35. b4 Kf5 36. f3 Rf7 37. b5 axb5 38. Rxb5+ Kf6 39. g4 h6 40. Rb6+ Kg7 41. Kg3 Kh7 42. f4 Kg7 43. Kf3 Re7 44. f5 gxf5 45. gxf5 Rc7 46. Kf4 Rc4+ 47. Ke5 Rc5+ 48. Ke6 Rxa5 49. Rxb7+ Kf8 50. f6 Ra6+ 51. Kf5 Ra1 52. Rh7 Rg1 53. h5 Rg2 54. Rxh6 Rf2+ 55. Kg6 Rg2+ 56. Kh7 Kf7 57. Rg6 Rh2 58. h6 Ra2 59. Rg7+ Kxf6 60. Kh8 Rh2 61. h7 Ra2 62. Rg8 Ra7 1/2-1/2

[Event "SRB-chT Central"]
[Site "Kragujevac"]
[Date "2013.09.20"]
[Round "9.5"]
[White "Urosevic, Zoran"]
[Black "Prelevic, Dusko"]
[Result "1/2-1/2"]
[WhiteElo "2244"]
[BlackElo "2312"]
[PlyCount "39"]
[EventDate "2013.09.14"]
[EventType "team-tourn"]
[EventRounds "11"]
[EventCountry "SRB"]
[SourceTitle "CBM 156 Extra"]
[Source "ChessBase"]
[SourceDate "2013.10.22"]
[SourceVersion "1"]
[SourceVersionDate "2013.10.22"]
[SourceQuality "1"]
[WhiteTeam "Sabac"]
[BlackTeam "Petrovac Sloga"]
[WhiteTeamCountry "SRB"]
[BlackTeamCountry "SRB"]

1. e4 c5 2. Nf3 Nc6 3. Nc3 g6 4. g3 Bg7 5. Bg2 d6 6. 0-0 Nf6 7. Re1 e5 8. d3 h6 9. h3 Be6 10. Nd2 Qd7 11. Kh2 Nd4 12. Nd5 h5 13. Nxf6+ Bxf6 14. c3 Nc6 15. Nf3 Qe7 16. Qd2 Bg7 17. Qe2 Bf6 18. Qd2 Bg7 19. Qe2 Bf6 20. Qd2 1/2-1/2

[Event "SRB-chT Central"]
[Site "Kragujevac"]
[Date "2013.09.19"]
[Round "8.3"]
[White "Krstic, Ranko"]
[Black "Urosevic, Zoran"]
[Result "1/2-1/2"]
[WhiteElo "2203"]
[BlackElo "2244"]
[PlyCount "109"]
[EventDate "2013.09.14"]
[EventType "team-tourn"]
[EventRounds "11"]
[EventCountry "SRB"]
[SourceTitle "CBM 156 Extra"]
[Source "ChessBase"]
[SourceDate "2013.10.22"]
[SourceVersion "1"]
[SourceVersionDate "2013.10.22"]
[SourceQuality "1"]
[WhiteTeam "Leskovac Glubocica"]
[BlackTeam "Sabac"]
[WhiteTeamCountry "SRB"]
[BlackTeamCountry "SRB"]

1. d4 Nf6 2. c4 c5 3. Nf3 e6 4. Nc3 cxd4 5. Nxd4 Nc6 6. Nc2 b6 7. e4 d6 8. Be2 Bb7 9. 0-0 a6 10. Be3 Be7 11. f3 0-0 12. Qe1 Qc7 13. Qf2 Nd7 14. Rac1 Nce5 15. Na3 Nc5 16. Rfd1 Nc6 17. Nab1 Rac8 18. Nd2 Ne5 19. Nf1 f5 20. exf5 Rxf5 21. Qg3 Rcf8 22. b4 Ncd7 23. f4 Nxc4 24. Bxc4 Qxc4 25. Nd5 Bxd5 26. Rxc4 Bxc4 27. Nd2 b5 28. h3 d5 29. a3 Bd6 30. Nxc4 bxc4 31. Qe1 R5f7 32. g3 Nf6 33. Bd4 Ne4 34. Qe3 g5 35. Bb2 Be7 36. Be5 c3 37. Kg2 Bf6 38. Qd4 gxf4 39. gxf4 Rc8 40. Kh2 c2 41. Rc1 Rc3 42. f5 Rc4 43. Qb2 Bxe5+ 44. Qxe5 Ng5 45. Qb8+ Rf8 46. Qg3 Rxf5 47. Qg2 Rc3 48. Rxc2 Rxh3+ 49. Kg1 Kf7 50. Rc7+ Ke8 51. Qg4 Nf3+ 52. Kg2 Ng5 53. Qd4 Rh2+ 54. Kg3 Rh3+ 55. Kg2 1/2-1/2

[Event "SRB-chT Central"]
[Site "Kragujevac"]
[Date "2013.09.18"]
[Round "7.4"]
[White "Urosevic, Zoran"]
[Black "Stankovic, Milos"]
[Result "1/2-1/2"]
[WhiteElo "2244"]
[BlackElo "2407"]
[PlyCount "101"]
[EventDate "2013.09.14"]
[EventType "team-tourn"]
[EventRounds "11"]
[EventCountry "SRB"]
[SourceTitle "CBM 156 Extra"]
[Source "ChessBase"]
[SourceDate "2013.10.22"]
[SourceVersion "1"]
[SourceVersionDate "2013.10.22"]
[SourceQuality "1"]
[WhiteTeam "Sabac"]
[BlackTeam "Kraljevo Sloga Turist"]
[WhiteTeamCountry "SRB"]
[BlackTeamCountry "SRB"]

1. e4 c5 2. Nf3 d6 3. d4 cxd4 4. Nxd4 Nf6 5. Nc3 Bd7 6. Bc4 Nc6 7. Bb3 g6 8. f3 Nxd4 9. Qxd4 Bg7 10. Be3 0-0 11. Qd2 b5 12. Nd5 Nxd5 13. Bxd5 Rc8 14. c3 Qc7 15. 0-0 a6 16. Bd4 Bxd4+ 17. Qxd4 Qc5 18. Rfd1 Rc7 19. Rd2 Rb8 20. a3 Be6 21. Qxc5 Rxc5 22. Rd4 a5 23. Rd2 Kg7 24. Bxe6 fxe6 25. Kf2 Kf6 26. Ke3 Rc4 27. Kd3 Ke5 28. g3 d5 29. f4+ Kf6 30. exd5 exd5 31. Re2 Rb6 32. Re5 e6 33. Re2 Rd6 34. Rd2 d4 35. Ke2 e5 36. fxe5+ Kxe5 37. cxd4+ Rdxd4 38. Rad1 Rxd2+ 39. Rxd2 Ke4 40. Kf2 b4 41. axb4 axb4 42. Ke2 Rc1 43. Rd7 Rc2+ 44. Rd2 Rxd2+ 45. Kxd2 Kd4 46. Kc2 Kc4 47. Kd2 Kb3 48. Kc1 h5 49. h4 Kc4 50. Kd2 Kd4 51. b3 1/2-1/2

[Event "SRB-chT Central"]
[Site "Kraljevo"]
[Date "2011.09.21"]
[Round "7"]
[White "Cvetanovic, Uros"]
[Black "Urosevic, Zoran"]
[Result "1-0"]
[WhiteElo "2236"]
[BlackElo "2269"]
[PlyCount "95"]
[EventDate "2011.09.17"]
[EventType "team-tourn"]
[EventRounds "11"]
[EventCountry "SRB"]
[SourceTitle "CBM 144 Extra"]
[Source "ChessBase"]
[SourceDate "2011.10.28"]
[SourceVersion "1"]
[SourceVersionDate "2011.10.28"]
[SourceQuality "1"]
[WhiteTeam "Paracin"]
[BlackTeam "Sabac"]
[WhiteTeamCountry "YUG"]
[BlackTeamCountry "YUG"]

1. e4 c5 2. Nf3 d6 3. d4 cxd4 4. Nxd4 Nf6 5. Nc3 a6 6. Bg5 e6 7. Bc4 Be7 8. Bb3 Nc6 9. f4 h6 10. Bh4 Qa5 11. 0-0 Nxd4 12. Qxd4 Qc5 13. Qxc5 dxc5 14. e5 Nd7 15. Bxe7 Kxe7 16. a4 b6 17. Rad1 Bb7 18. Rd6 Rab8 19. Rfd1 Rhd8 20. Kf2 Rbc8 21. Bc4 g6 22. g3 Rc7 23. Ke3 Ra8 24. a5 Bc6 25. Bd3 b5 26. b3 f6 27. exf6+ Nxf6 28. Bxg6 b4 29. Be4 Bxe4 30. Nxe4 Nd5+ 31. Ke2 c4 32. f5 exf5 33. R6xd5 fxe4 34. Re5+ Kf6 35. Rxe4 cxb3 36. cxb3 Rc2+ 37. Ke3 Rxh2 38. Rxb4 Rh5 39. Rb6+ Kg7 40. Rd7+ Kg8 41. b4 Rg5 42. Kf3 Rf8+ 43. Kg2 h5 44. Rxa6 h4 45. Rd3 Rb8 46. Ra7 Rxg3+ 47. Rxg3+ hxg3 48. a6 1-0

[Event "SRB-chT 1st League"]
[Site "Valjevo"]
[Date "2010.09.23"]
[Round "8"]
[White "Urosevic, Zoran"]
[Black "Nikolic, Dragovan"]
[Result "1-0"]
[WhiteElo "2255"]
[BlackElo "2296"]
[PlyCount "73"]
[EventDate "2010.09.18"]
[EventType "team"]
[EventRounds "11"]
[EventCountry "SRB"]
[SourceTitle "CBM 138 Extra"]
[Source "ChessBase"]
[SourceDate "2010.10.29"]
[SourceVersion "1"]
[SourceVersionDate "2010.10.29"]
[SourceQuality "1"]

1. d4 Nf6 2. Nc3 g6 3. e4 d6 4. Be3 Bg7 5. f3 0-0 6. Qd2 e5 7. Nge2 c6 8. 0-0-0 Nbd7 9. Bh6 b5 10. Bxg7 Kxg7 11. g4 Qc7 12. Ng3 b4 13. Nce2 Ba6 14. Qxb4 Rfb8 15. Qc3 Rb6 16. g5 Ne8 17. Bh3 Nf8 18. Bg4 Rab8 19. b3 Qe7 20. h4 Nc7 21. dxe5 dxe5 22. f4 Bxe2 23. Bxe2 Qa3+ 24. Kb1 Re8 25. f5 a5 26. h5 a4 27. hxg6 fxg6 28. Bc4 axb3 29. cxb3 Qc5 30. Ne2 Nb5 31. Bxb5 Qxb5 32. Rh2 Rb7 33. Rd6 Rc7 34. fxg6 hxg6 35. Qh3 Kf7 36. Qh8 Re6 37. Rf2+ 1-0

[Event "SRB-chT 1st League"]
[Site "Valjevo"]
[Date "2010.09.22"]
[Round "7"]
[White "Bojovic, Dusan"]
[Black "Urosevic, Zoran"]
[Result "1/2-1/2"]
[WhiteElo "2330"]
[BlackElo "2255"]
[PlyCount "66"]
[EventDate "2010.09.18"]
[EventType "team"]
[EventRounds "11"]
[EventCountry "SRB"]
[SourceTitle "CBM 138 Extra"]
[Source "ChessBase"]
[SourceDate "2010.10.29"]
[SourceVersion "1"]
[SourceVersionDate "2010.10.29"]
[SourceQuality "1"]

1. e4 c5 2. Nf3 d6 3. d4 cxd4 4. Nxd4 Nf6 5. Nc3 a6 6. Be3 e5 7. Nb3 Be6 8. f3 Nc6 9. Qd2 d5 10. exd5 Nxd5 11. Nxd5 Qxd5 12. Qxd5 Bxd5 13. 0-0-0 0-0-0 14. Bd3 g6 15. a3 Kc7 16. Rhe1 h5 17. Nc5 f5 18. Bf1 Bxc5 19. Bxc5 Be6 20. Rxd8 Rxd8 21. Rd1 Rxd1+ 22. Kxd1 f4 23. Kd2 Bf5 24. Bd3 Nd8 25. c4 Ne6 26. Bf2 Kc6 27. b4 b5 28. h4 Nf8 29. Bc5 Nd7 30. Bf2 Nf6 31. g3 fxg3 32. Bxg3 e4 33. fxe4 Nxe4+ 1/2-1/2

[Event "SRB-chT 1st League"]
[Site "Valjevo"]
[Date "2010.09.20"]
[Round "4"]
[White "Organdziev, Oliver"]
[Black "Urosevic, Zoran"]
[Result "1-0"]
[WhiteElo "2307"]
[BlackElo "2255"]
[PlyCount "79"]
[EventDate "2010.09.18"]
[EventType "team"]
[EventRounds "11"]
[EventCountry "SRB"]
[SourceTitle "CBM 138 Extra"]
[Source "ChessBase"]
[SourceDate "2010.10.29"]
[SourceVersion "1"]
[SourceVersionDate "2010.10.29"]
[SourceQuality "1"]

1. e4 c5 2. Nf3 d6 3. Bb5+ Bd7 4. Bxd7+ Nxd7 5. 0-0 Ngf6 6. Re1 e6 7. c3 Be7 8. d4 0-0 9. Bg5 h6 10. Bh4 cxd4 11. cxd4 Nh5 12. Bxe7 Qxe7 13. Nc3 Nf4 14. Qd2 Ng6 15. Rac1 a6 16. Rc2 Rfc8 17. Rec1 Qd8 18. g3 Ne7 19. Kg2 b5 20. Ne2 Rxc2 21. Rxc2 d5 22. e5 a5 23. Nf4 Rc8 24. Rxc8 Nxc8 25. Qc3 Na7 26. Nd3 Qb6 27. a3 Nc6 28. b4 a4 29. h4 Na7 30. g4 Qc6 31. Nc5 Nf8 32. Kg3 Nd7 33. h5 f6 34. Qe3 fxe5 35. Nxe5 Nxe5 36. Qxe5 Kf7 37. g5 hxg5 38. Qxg5 Kf8 39. Qd8+ Kf7 40. Nd7 1-0

[Event "SRB-chT 1st League"]
[Site "Vrnjacka Banja"]
[Date "2009.09.26"]
[Round "11"]
[White "Urosevic, Zoran"]
[Black "Lapcevic, Milos"]
[Result "0-1"]
[WhiteElo "2292"]
[BlackElo "2390"]
[PlyCount "60"]
[EventDate "2009.09.19"]
[EventType "team-swiss"]
[EventRounds "11"]
[EventCountry "YUG"]
[SourceTitle "CBM 132 Extra"]
[Source "ChessBase"]
[SourceDate "2009.11.03"]
[SourceVersion "1"]
[SourceVersionDate "2009.11.03"]
[SourceQuality "1"]

1. e4 c5 2. Nf3 e6 3. d4 cxd4 4. Nxd4 Nc6 5. Nb5 d6 6. c4 Nf6 7. N5c3 Be7 8. Be3 0-0 9. Be2 d5 10. cxd5 exd5 11. exd5 Nb4 12. 0-0 Bf5 13. Na3 Nbxd5 14. Nxd5 Nxd5 15. Bd4 Nf4 16. Bc3 Bc5 17. Bf3 Bd3 18. Re1 Qg5 19. Kh1 Rad8 20. Re5 Bf5 21. Qg1 Nd3 22. Re2 Rfe8 23. Rc2 h5 24. Rf1 Bg4 25. Nc4 Re6 26. Bd2 Qh4 27. Bxg4 hxg4 28. g3 Qh7 29. Be3 Ne5 30. Rd1 Qe4+ 0-1

[Event "SRB-chT 1st League"]
[Site "Vrnjacka Banja"]
[Date "2009.09.23"]
[Round "7"]
[White "Paunovic, Tomislav"]
[Black "Urosevic, Zoran"]
[Result "1/2-1/2"]
[WhiteElo "2355"]
[BlackElo "2292"]
[PlyCount "31"]
[EventDate "2009.09.19"]
[EventType "team-swiss"]
[EventRounds "11"]
[EventCountry "YUG"]
[SourceTitle "CBM 132 Extra"]
[Source "ChessBase"]
[SourceDate "2009.11.03"]
[SourceVersion "1"]
[SourceVersionDate "2009.11.03"]
[SourceQuality "1"]

1. d4 Nf6 2. c4 c5 3. e3 d6 4. Nc3 Nbd7 5. Nf3 g6 6. Be2 Bg7 7. 0-0 0-0 8. d5 Nb6 9. h3 e5 10. a4 a5 11. Ne1 e4 12. Qb3 Nbd7 13. Nb5 Qe7 14. Bd2 b6 15. Nc2 Rb8 16. Bc3 1/2-1/2

[Event "SRB-chT 1st League"]
[Site "Vrnjacka Banja"]
[Date "2009.09.22"]
[Round "6"]
[White "Urosevic, Zoran"]
[Black "Pancevski, Filip"]
[Result "0-1"]
[WhiteElo "2292"]
[BlackElo "2432"]
[PlyCount "132"]
[EventDate "2009.09.19"]
[EventType "team-swiss"]
[EventRounds "11"]
[EventCountry "YUG"]
[SourceTitle "CBM 132 Extra"]
[Source "ChessBase"]
[SourceDate "2009.11.03"]
[SourceVersion "1"]
[SourceVersionDate "2009.11.03"]
[SourceQuality "1"]

1. g3 g6 2. Bg2 Bg7 3. d4 Nf6 4. e4 d6 5. Nc3 0-0 6. Nge2 e5 7. 0-0 c6 8. a4 a5 9. h3 Na6 10. Be3 Qc7 11. Qd2 Re8 12. Rfe1 Nb4 13. Rad1 b6 14. g4 Ba6 15. Ng3 Rad8 16. Qc1 Nd7 17. d5 Rc8 18. Rd2 cxd5 19. Nxd5 Nxd5 20. Rxd5 Bb7 21. Rd2 Nc5 22. Qa1 Bc6 23. b3 Ne6 24. Ne2 Qb7 25. f3 d5 26. Ng3 Nf4 27. exd5 Bxd5 28. Qd1 Bc6 29. Bxf4 exf4 30. Rxe8+ Rxe8 31. Ne4 Bxe4 32. fxe4 Qe7 33. Qf3 Be5 34. Bf1 Rd8 35. Rxd8+ Qxd8 36. Bd3 Qh4 37. Kg2 Qf6 38. Bc4 Kg7 39. Qd3 Bd4 40. Qf3 Be3 41. Bd3 Qc3 42. Qe2 Qf6 43. Qf3 Qh4 44. Kf1 Kh6 45. Ke2 Qf6 46. Qf1 Qc3 47. h4 Qd2+ 48. Kf3 Qh2 49. Qg2 Qxh4 50. Bc4 Kg7 51. g5 Qh5+ 52. Qg4 Qh1+ 53. Qg2 Qe1 54. Qh2 Qd1+ 55. Qe2 Qd8 56. Qg2 Qe7 57. Qg4 Bc1 58. Qh4 Qe5 59. Qh6+ Kg8 60. Qh1 Ba3 61. Qh4 Bd6 62. Bd3 Qc5 63. Kg2 Qe3 64. Qg4 Bc5 65. Qh4 f3+ 66. Kh3 Bd6 0-1

[Event "SRB-chT 1st League"]
[Site "Vrnjacka Banja"]
[Date "2009.09.21"]
[Round "4"]
[White "Urosevic, Zoran"]
[Black "Radovanovic, Dusan"]
[Result "0-1"]
[WhiteElo "2292"]
[BlackElo "2352"]
[PlyCount "84"]
[EventDate "2009.09.19"]
[EventType "team-swiss"]
[EventRounds "11"]
[EventCountry "YUG"]
[SourceTitle "CBM 132 Extra"]
[Source "ChessBase"]
[SourceDate "2009.11.03"]
[SourceVersion "1"]
[SourceVersionDate "2009.11.03"]
[SourceQuality "1"]

1. g3 e5 2. c4 Nf6 3. Bg2 Nc6 4. Nc3 g6 5. Nf3 Bg7 6. 0-0 d6 7. d3 0-0 8. Rb1 a5 9. a3 Re8 10. Nd2 Bg4 11. h3 Bd7 12. b4 axb4 13. axb4 Qc8 14. Kh2 Nd4 15. e3 Nf5 16. Nb3 h5 17. e4 Nd4 18. Nxd4 exd4 19. Ne2 h4 20. Bb2 hxg3+ 21. fxg3 c5 22. b5 Be6 23. Nf4 Nd7 24. Nxe6 Rxe6 25. h4 Ne5 26. Bh3 Qe8 27. Kg2 Rf6 28. Rxf6 Bxf6 29. Qb3 Qd8 30. Rf1 Bg7 31. Kf2 Qa5 32. Ke2 Bh6 33. Rd1 Be3 34. b6 Ra6 35. Bc1 Qa2+ 36. Qxa2 Rxa2+ 37. Bd2 Rb2 38. Bc8 Bxd2 39. Rxd2 Rxb6 40. g4 Kg7 41. Kf2 Rb3 42. Ke2 b6 0-1

[Event "SRB-chT2"]
[Site "Golubac"]
[Date "2008.09.25"]
[Round "9"]
[White "Urosevic, Zoran"]
[Black "Nikolic, Stanimir"]
[Result "0-1"]
[WhiteElo "2294"]
[BlackElo "2291"]
[PlyCount "100"]
[EventDate "2008.09.20"]
[EventType "team-tourn"]
[EventRounds "11"]
[EventCountry "YUG"]
[SourceTitle "EXT 2010"]
[Source "ChessBase"]
[SourceDate "2010.11.25"]
[SourceVersion "1"]
[SourceVersionDate "2010.11.25"]
[SourceQuality "1"]

1. e4 e5 2. Nf3 Nc6 3. Bb5 a6 4. Ba4 Nf6 5. 0-0 b5 6. Bb3 Be7 7. Re1 d6 8. c3 0-0 9. h3 Na5 10. Bc2 c5 11. d4 Qc7 12. Nbd2 Bb7 13. Nf1 Rac8 14. d5 Nc4 15. b3 Nb6 16. Ng3 c4 17. b4 Ra8 18. Nf5 Bc8 19. Nxe7+ Qxe7 20. a4 Nxa4 21. Bxa4 bxa4 22. Rxa4 Bd7 23. Ra5 Rfb8 24. Nd2 Bb5 25. Nb1 h6 26. Na3 Ra7 27. Be3 Rab7 28. f3 Ne8 29. g4 Kh7 30. Qd2 Nc7 31. Kg2 Ne8 32. Kg3 Rc8 33. Ra1 Qd8 34. Rh1 Ra8 35. Nc2 Qc8 36. Ne1 Bd7 37. Ng2 Rb5 38. Rha1 Rxa5 39. Rxa5 Nc7 40. Qa2 Nb5 41. Bd2 g6 42. Ne3 f5 43. Nxc4 Qc7 44. exf5 gxf5 45. gxf5 Rg8+ 46. Kf2 Bc8 47. Ne3 Qg7 48. Qc4 Bxf5 49. Qh4 Qg1+ 50. Ke2 Qh2+ 0-1

[Event "SRB-chT2"]
[Site "Golubac"]
[Date "2008.09.23"]
[Round "6"]
[White "Milanovic, Danilo"]
[Black "Urosevic, Zoran"]
[Result "1-0"]
[WhiteElo "2529"]
[BlackElo "2294"]
[PlyCount "157"]
[EventDate "2008.09.20"]
[EventType "team-tourn"]
[EventRounds "11"]
[EventCountry "YUG"]
[SourceTitle "EXT 2010"]
[Source "ChessBase"]
[SourceDate "2010.11.25"]
[SourceVersion "1"]
[SourceVersionDate "2010.11.25"]
[SourceQuality "1"]

1. d4 Nf6 2. c4 c5 3. d5 e5 4. Nc3 d6 5. g3 Nbd7 6. Bg2 Be7 7. e4 Nf8 8. h4 a6 9. a4 b6 10. Bd2 a5 11. h5 h6 12. f4 Ba6 13. Qe2 N6d7 14. Nf3 Bf6 15. 0-0-0 Nh7 16. b3 Qe7 17. Qf2 Kd8 18. Nh4 Bxh4 19. Rxh4 Nhf6 20. Re1 Kc7 21. Kc2 Raf8 22. Bh3 Kb8 23. Bf5 Rhg8 24. Rhh1 Bc8 25. Qh2 Re8 26. Nb5 Ba6 27. Nc3 Bc8 28. Rhf1 Ba6 29. Qh4 Kc7 30. Bc1 Kb8 31. Qh3 Kc7 32. Bb2 Qd8 33. Nd1 Re7 34. Nf2 Qe8 35. Qh1 Bc8 36. Nd3 Qd8 37. Bc3 Rge8 38. Rf2 Kb8 39. Rd2 Nf8 40. fxe5 dxe5 41. Rf1 Bxf5 42. Rxf5 Qd6 43. Rdf2 N8d7 44. Qh4 Kb7 45. Bd2 Rh8 46. Nc1 Qb8 47. Ne2 Qf8 48. Nc3 Ne8 49. Nb5 f6 50. Qg4 Qg8 51. Bc3 Nb8 52. Qg6 Qh7 53. Qg4 Qg8 54. Qg6 Qh7 55. Qg4 Qg8 56. R5f3 Rd7 57. Qg6 Qh7 58. Qg4 Qg8 59. Qf5 Nd6 60. Nxd6+ Rxd6 61. Bxe5 fxe5 62. Qxe5 Rd7 63. Qf5 Qd8 64. e5 Re8 65. Qe4 Ka7 66. Rf7 Ree7 67. e6 Rb7 68. Qe5 Rxf7 69. Rxf7 Rxf7 70. exf7 Nd7 71. Qe8 Qc7 72. Qe7 Qc8 73. Kd2 Kb7 74. f8Q Qxf8 75. Qxd7+ Kb8 76. Ke3 Qf6 77. Qe8+ Ka7 78. Qd7+ Kb8 79. Qe6 1-0

[Event "SRB-chT2"]
[Site "Golubac"]
[Date "2008.09.22"]
[Round "4"]
[White "Milosevic, Aleksandar"]
[Black "Urosevic, Zoran"]
[Result "1/2-1/2"]
[WhiteElo "2304"]
[BlackElo "2294"]
[PlyCount "21"]
[EventDate "2008.09.20"]
[EventType "team-tourn"]
[EventRounds "11"]
[EventCountry "YUG"]
[SourceTitle "EXT 2010"]
[Source "ChessBase"]
[SourceDate "2010.11.25"]
[SourceVersion "1"]
[SourceVersionDate "2010.11.25"]
[SourceQuality "1"]

1. Nf3 Nf6 2. c4 g6 3. Nc3 d6 4. d4 Bg7 5. e4 0-0 6. Be2 Bg4 7. Be3 Nc6 8. d5 Bxf3 9. Bxf3 Ne5 10. Be2 c6 11. f4 1/2-1/2